000 00264nam a2200109Ia 4500
008 240625s9999 xx 000 0 und d
041 _aeng
082 _a648.4012 TRA
100 _aTRACY BRIAN
245 _aTURBOSTRATEGY 21 POWERFUL WAYS TO TRANSF
365 _cRS
_b5
999 _c32876
_d32876